Primera travesía...raíces argentinas (fotocopias) /

Guardado en:
Formato: Libro
Publicado: : , 0
Materias:
Fc
Etiquetas: Agregar Etiqueta
Sin Etiquetas, Sea el primero en etiquetar este registro!
LEADER 00431nam a22001575a 4500
001 CEM.cems008020
005 20060214000000.0
008 130507b######################000#0#####d
003 CEMS
082 0 4 |a F572 
245 0 0 |a Primera travesía...raíces argentinas (fotocopias) / 
260 |a  :  |b , 0 
653 |a Biografias 
653 |a Fc 
653 |a Piedrabuena, luis-biografia 
859 |a CEMS  |b BIB. CEMS - 11 de abril  |h F572  |i 7-1  |p 517.44  |t Ej.1